书目信息 |
| 题名: |
生物高分子
|
|
| 作者: | 法内斯托克, , Fahenstock, , Steinbuchel, , 斯泰因比歇尔, 主编 ;李荣秀 译 | |
| 分册: | 第7卷 聚酰胺和蛋白质材料Ⅰ | |
| 出版信息: | 北京 化学工业出版社 2005 |
|
| 页数: | 468页 | |
| 开本: | 25cm | |
| 丛书名: | ||
| 单 册: | ||
| 中图分类: | Q323.6 , Q5 | |
| 科图分类: | ||
| 主题词: | 生物化学--sheng wu hua xue--高分子化学 , 聚酰胺--ju xian an--生物化学 , 生物化学--sheng wu hua xue , 高分子化学--gao fen zi hua xue , 聚酰胺--ju xian an , 蛋白质--dan bai zhi , 蛋白质--dan bai zhi--生物化学 | |
| 电子资源: | ||
| ISBN: | 7-5025-6210-9 | |
| 000 | 01769nam0 2200409 45 | |
| 001 | 012005000794 | |
| 005 | 20061116153941.85 | |
| 010 | @a7-5025-6210-9@b精装@dCNY95.00 | |
| 100 | @a20050316d2005 em y0chiy0121 ea | |
| 101 | 1 | @achi@ceng |
| 102 | @aCN@b110000 | |
| 105 | @aak a 001yy | |
| 200 | 1 | @a生物高分子@Asheng wu gao fen zi@h第7卷@i聚酰胺和蛋白质材料Ⅰ@f(美) S. R. 法内斯托克 (S. R. Fahenstock), (德) A. 斯泰因比歇尔 (A. Steinbuchel) 主编@g李荣秀主译 |
| 210 | @a北京@c化学工业出版社@d2005 | |
| 215 | @a468页@c图@d25cm | |
| 304 | @a书名原文: Polyamides and complex proteinaceons materialsⅠ | |
| 306 | @a由Wiley-Vch Verlag Gmbh & Co. KGaA授权 | |
| 320 | @a有书目、索引 (第463-468页) | |
| 330 | @a本书内容包括藻青素、聚氨基酸、细胞膜蛋白、细菌蛋白质、自组装蛋白、细胞骨架、运动蛋白、酶制剂、蛋白酶体以及蛋白合成材料的研究状况及其应用。 | |
| 510 | 1 | @aBiopolymers@hVolume 7@iPolyamides and complex proteinaceons materialsⅠ@zeng |
| 517 | 1 | @a聚酰胺和蛋白质材料@Aju xian an he dan bai zhi cai liao |
| 606 | 0 | @a生物化学@Asheng wu hua xue@x高分子化学 |
| 606 | 0 | @a聚酰胺@Aju xian an@x生物化学 |
| 606 | 0 | @a生物化学@Asheng wu hua xue |
| 606 | 0 | @a高分子化学@Agao fen zi hua xue |
| 606 | 0 | @a聚酰胺@Aju xian an |
| 606 | 0 | @a蛋白质@Adan bai zhi |
| 606 | 0 | @a蛋白质@Adan bai zhi@x生物化学 |
| 690 | @aQ323.6@v4 | |
| 690 | @aQ5@v4 | |
| 701 | 1 | @c(美)@a法内斯托克,@Afa nei si tuo ke@bS. R.@g(Fahenstock, S. R.)@4主编 |
| 701 | 1 | @c(美)@aFahenstock,@bS. R.@g(Fahenstock, S. R.)@4主编 |
| 701 | 1 | @c(德)@aSteinbuchel,@bA.@g(Steinbuchel, A.)@4主编 |
| 701 | 1 | @c(德)@a斯泰因比歇尔,@Asi tai yin bi xie er@bA.@g(Steinbuchel, A.)@4主编 |
| 702 | 0 | @a李荣秀@Ali rong xiu@4译 |
| 801 | 0 | @aCN@c20061116 |
| 905 | @a10447@dQ323.6@eF025 | |
| 生物高分子.第7卷.聚酰胺和蛋白质材料Ⅰ/(美) S. R. 法内斯托克 (S. R. Fahenstock), (德) A. 斯泰因比歇尔 (A. Steinbuchel) 主编/李荣秀主译.-北京:化学工业出版社,2005 |
| 468页:图;25cm |
| ISBN 7-5025-6210-9(精装):CNY95.00 |
| 本书内容包括藻青素、聚氨基酸、细胞膜蛋白、细菌蛋白质、自组装蛋白、细胞骨架、运动蛋白、酶制剂、蛋白酶体以及蛋白合成材料的研究状况及其应用。 |
| ● |
| 相关链接 |
|
|
|
正题名:生物高分子
索取号:Q323.6/F025
 
预约/预借
| 序号 | 登录号 | 条形码 | 馆藏地/架位号 | 状态 | 备注 |
| 1 | 638939 | 206389399 | 自科库401/401自科库 27排2列4层/ [索取号:Q323.6/F025] | 在馆 |